Vista normal Vista MARC

Entrada Nombre personal

Número de registros utilizados en: 1

001 - NÚMERO DE CONTROL

  • campo de control: 18103

003 - IDENTIFICADOR DE NÚMERO DE CONTROL

  • campo de control: DLC

005 - FECHA Y HORA DE LA ÚLTIMA TRANSACCIÓN

  • campo de control: 20230620122301.0

008 - ELEMENTOS DE DATO DE LONGITUD-FIJA

  • campo de control de longitud fija: 901224n| acannaab |a aaa

010 ## - NÚMERO DE CONTROL DE LA BIBLIOTECA DEL CONGRESO

  • Número de control de LC: n 90726893

040 ## - FUENTE DE CATALOGACIÓN

  • Centro catalogador/agencia de origen: DLC
  • Centro/agencia transcriptor: DLC
  • Centro/agencia modificador: ES-MaACL

100 10 - ENCABEZAMIENTO-NOMBRE DE PERSONA

  • Nombre de persona: Abiven, Maurice,

400 1# - TRAZADO DE VÉASE--NOMBRE DE PERSONA

  • Nombre de persona: Abiven, M,
  • Forma completa/desarrollada del nombre: (Maurice)

670 ## - FUENTE DE DATOS ENCONTRADOS

  • Cita de la fuente: His Pour une mort plus humaine, c1990;
  • Información encontrada: t.p. (Dr Maurice Abiven)

670 ## - FUENTE DE DATOS ENCONTRADOS

  • Cita de la fuente: Euthanadie, c2000;
  • Información encontrada: t.p. (M. Abiven)

670 ## - FUENTE DE DATOS ENCONTRADOS

  • Cita de la fuente: LC data base, 12-23-90;
  • Información encontrada: (hdg.: Abiven, Maurice)

670 ## - FUENTE DE DATOS ENCONTRADOS

  • Cita de la fuente: WWW LC auth., 20-6-2023;
  • Información encontrada: (Abiven, Maurice)

955 ## - CATALOGADOR - EDICIÓN

  • Nombre del catalogador: Julia Mas Vieira